| 000 | 01976nam a22003257a 4500 | ||
|---|---|---|---|
| 003 | dpl | ||
| 005 | 2008090303483.0 | ||
| 007 | DVD | ||
| 008 | 050907s2005 cau105 g 00| 0 eng d | ||
| 010 | _aDVD-000764-766 | ||
| 024 |
_aA2483 _c499.00 |
||
| 035 | _aDVD-000764-766 | ||
| 040 |
_aDPL _cDPL |
||
| 092 | _aDVD / EVER | ||
| 245 |
_aEverybody Loves Mickey _h[videorecording] DVD / _cWalt Disney Pictures Presents |
||
| 260 | _bWalt Disney Home Entertainment | ||
| 300 |
_a1 videocassette (58 min.) _bsd., col. ; _c4-3/4 in. _fDVD |
||
| 440 | _aWalt Disney Home Entertainment | ||
| 500 | _aSpecial Features: Lucky Matches Activity, Can you Recall Game | ||
| 500 | _aDistributor in India Excel Production Audiovisuals Pvt. Ltd. Mumbai | ||
| 508 | _aDirector of photography, Oliver Wood ; art directors, Shepherd Frankel, Don Macaulay ; editor, William Hoy ; music, Miri Ben-Ari, John Ottman ; costume designer, Jose Fernandez, Wendy Partridge ; production designer, Bill Boes ; visual effects supervisors | ||
| 538 | _aDolby digital 2.0, English, Mandarin, Thai, Cantonese Subtitles: English, Chinese, Thaie | ||
| 538 | _aAspect Ratio 1:33.1,Presentation Type: Full Frame, Presentation Size: 4x3 , Format: DVD 9 Dual Layer Single Sided Disc. Layer Transition may trigger a slight pause. | ||
| 650 | _aAnimated Movie | ||
| 942 |
_cCF _2ddc _hDVD _mEVER |
||
| 999 |
_c16007 _d16007 |
||